000 00316nam a2200133Ia 4500
100 _aAltintas/Yusuf
942 _cRB
654 _aManufacturing
245 _aManufacturing automation:Metal cutting mechanics
260 _bCambridge
_aNew Delhi
_c2000
082 _a671.35
_bALT
300 _a286
546 _aENGLISH
999 _c33374
_d33374